00334nam a22001097a 4500040000900000082001200009100001700021110003300038245009300071260004400164650001600208 cNUST a200 THE aRehan Ashraf aSupervisor Dr. Shahzor Ahmed aTH-SOF-1992-Frequency Synchronization in Filtered OFDM and Universal Filter Multicarrier aISLAMABAD:bNUST COLLEGE OF EME,c2022. aMS-ELECT-18